| 000 | 01485nam a2200361 i 4500 | ||
|---|---|---|---|
| 003 | EG-GICUC | ||
| 005 | 20260121101446.0 | ||
| 008 | 251210s2005 ua ||||fr|||| 000 0 ara d | ||
| 017 | _a2005/2463 | ||
| 020 | _a977-09-1197-6 | ||
| 040 |
_a EG-GICUC _bara _c EG-GICUC _d EG-GICUC _erda |
||
| 041 | _aara | ||
| 082 | 0 | 4 |
_221 _a343.5 _bم ح . م |
| 092 | 0 | 4 | _221 |
| 099 | _aLaw1 10 343.5 م ح . م1 ed - 2005 | ||
| 100 | 0 |
_aمحمود شريف بسيوني _eمؤلف. |
|
| 245 | 1 | 2 |
_aالمحكمة الجنائية العراقية المختصة بالجرائم ضد الإنسانية في ضوء ضمانات المحاكمة المنصفة / _cمحمود شريف بسيوني ، محمد عبدالعزيز جاد الحق ابراهيم. |
| 250 | _aالطبعة الاولى | ||
| 264 | 1 |
_aالقاهرة : _bدار الشروق, _c2005 |
|
| 300 |
_a234 صفحة ؛ _c24 سم |
||
| 336 |
_2rda content _atext |
||
| 337 |
_2rda media _aComputer |
||
| 338 |
_2rda carrier _aOnline Resource |
||
| 504 | _a. 240-227 ببليوجرافيا: صفحات. | ||
| 546 | _aالنص باللغة العربية | ||
| 650 | 1 | 4 |
_aالقانون الجنائي الدولي _2qrmak |
| 650 | 1 | 4 | _aالقانون الجنائي الدولي |
| 651 | 1 | _2qrmak | |
| 700 |
_aمحمد عبدالعزيز جاد الحق ابراهيم. _eمؤلف مشارك. |
||
| 856 | 4 | 0 | _uhttps://fll.law.cu.edu.eg/fulltext/bks/B10-06680.pdf |
| 905 |
_a79 _eHassnaa |
||
| 942 |
_2ddc _cBK _e21 _n0 |
||
| 999 |
_c49463 _d49463 |
||